Nenne einen Dortmund-Spieler aus jeder Nation - Statistiken

Allgemein
  • Dieses Quiz wurde 251 mal gespielt
    56 seit der letzten Aktualisierung
  • Das Durchschnittsergebnis liegt bei 30 aus 52
Antwortstatistiken
Nation Spieler % Korrekt
Norwegen Haaland, Ryerson, Bergdölmo, Sörensen, Pedersen
98%
Gabun Aubameyang
95%
England Bellingham, Sancho, Gittens, Chukwuemeka
95%
Polen Kuba, Piszczek, Lewandowski, Smolarek, Krafft, Tyrala
95%
Schweiz Chapuisat, Frei, Bürki, Kobel, Degen, Akanji, Hitz, Egli
93%
Japan Kagawa, Maruoka
93%
Dänemark Povlsen, Jensen, Delaney, Larsen, Strudal
93%
Brasilien Dede, Evanilson, Ewerthon, César, Amoroso, Santana, Tinga, Reinier, da Silva, Leandro, Conceicao, Couto
90%
Belgien Meunier, Hazard, Witsel, Januzaj, Batshuayi, Duranville
90%
Türkei Sahin, Keser, Özcan, Toprak, Mor, Öztekin, Caliskan, Akgün, Saglik
88%
Marokko Hakimi, Azhil
85%
Portugal Sousa, Guerreiro
85%
Spanien Bartra, Gomez, Morey, Merino, Alcacer
83%
Niederlande Malen, Nijhuis, Lippenstift, Maatsen, Decheiver, Gentenaar, van der Gun, Paulina
83%
USA Pulisic, Reyna, Kirovski, Gyau, Maloney, Campbell
83%
Griechenland Sokratis
83%
Italien Immobile, Federico
80%
Kroatien Kovac, Petric, Pongracic, Perisic, Pasalic
80%
Armenien Mkhitaryan
80%
Österreich Sabitzer, Feiersinger, Krauss
78%
Frankreich Zagadou, Dembele, Warmuz, Coulibaly, Modeste, Le Tallec
78%
Schweden Isak, Svensson
76%
Australien Langerak, Zelic
76%
Paraguay Valdez, Barrios
76%
Algerien Bensebaini, Madouni
73%
Tschechien Koller, Rosicky, Berger
71%
Ukraine Yarmolenko
71%
Ägypten Zidan
68%
Guinea Guirassy
66%
Argentinien Klimowicz, Fernández, Balerdi, Rodriguez, Margetic
66%
Serbien Subotic, Rukavina, Stevic, Jojic, Alomerovic
63%
Ghana Addo, Boateng, Amoah, Tanko, Gambo, Mallam
56%
Elfenbeinküste Demel, Haller
54%
Südkorea Park, Ji, Lee
54%
Kolumbien Ramos
51%
Slowenien Kampl, Stankovic
41%
Nigeria Ikpeba, Oliseh
32%
Südafrika Pienaar, Buckley
32%
Ungarn Hajnal, Bajner, Varga
29%
Bosnien-H. Barbarez, Burnic, Kapetanovic
24%
Schottland Lambert, Booth, MacLeod
22%
Bulgarien Rangelov
22%
Russland But, Gorlukovich
17%
Senegal Diallo
15%
Rumänien Raducanu
10%
Island Edvaldsson, Bergs
5%
Togo Salou
5%
Irland Kohlmann
2%
Kamerun Njambe
2%
DR Kongo Saka
2%
Uruguay Sosa
2%
Jamaika Gordon
0%
Keine übereinstimmenden Quizze gefunden
Verteilung der Resultate
Anzahl Personen mit jedem Resultat
Perzentil nach korrekt beantworteten Fragen
Ihre Resultats-Entwicklung
Sie haben dieses Quiz seit der letzten Aktualisierung nicht gespielt